000 00408nam a2200157 i 4500
001 29511
003 ES-MaACL
005 20230906154039.0
007 t|
008 030122q19001999sp ||||1| spa d
100 1 _aBark, Ernesto.
_925673
245 1 0 _aSocialismo positivo /
_cErnesto Bark.
260 _aMadrid :
_bAmbrosio Pérez y Cª,
_c19--?
300 _a253 p. ;
_c18 cm.
852 _aES-MaACL
_jD-2595
999 _c29511
_d29511